| 000 | 004670000a22001690004500 | ||
|---|---|---|---|
| 003 | MACL | ||
| 005 | 20151229131213.0 | ||
| 008 | 151229b xxu||||| |||| 00| 0 eng d | ||
| 040 |
_aMACL _cMACL |
||
| 041 | _aEnglish | ||
| 082 | _a149.3/ING | ||
| 100 |
_aInge, William Ralph _923808 |
||
| 245 |
_aPersonal Idealism And Mysticism _bThe Paddock Lectures For 1906 |
||
| 260 |
_bLongman's Green And Co _c1907 |
||
| 650 |
_aPhilosophy _923809 |
||
| 942 |
_cBK _k149.3/ING _2ddc |
||
| 999 |
_c39176 _d39176 |
||